<?xml version="1.0" encoding="UTF-8"?>
<record
    xmlns:xsi="http://www.w3.org/2001/XMLSchema-instance"
    xsi:schemaLocation="http://www.loc.gov/MARC21/slim http://www.loc.gov/standards/marcxml/schema/MARC21slim.xsd"
    xmlns="http://www.loc.gov/MARC21/slim">

  <leader>00904nam a22002778x 4500</leader>
  <controlfield tag="001">2510188</controlfield>
  <controlfield tag="008">961001r19961995enk           00000 eng b</controlfield>
  <datafield tag="015" ind1=" " ind2=" ">
    <subfield code="a">b96Z3296</subfield>
  </datafield>
  <datafield tag="020" ind1=" " ind2=" ">
    <subfield code="a">0099521210</subfield>
  </datafield>
  <datafield tag="040" ind1="0" ind2="0">
    <subfield code="a">BDS</subfield>
  </datafield>
  <datafield tag="041" ind1="1" ind2="0">
    <subfield code="a">engswe</subfield>
  </datafield>
  <datafield tag="082" ind1="0" ind2="0">
    <subfield code="a">839.7374</subfield>
    <subfield code="2">20</subfield>
  </datafield>
  <datafield tag="100" ind1="1" ind2="0">
    <subfield code="a">Ekman, Kerstin.</subfield>
    <subfield code="9">284</subfield>
  </datafield>
  <datafield tag="240" ind1="1" ind2="0">
    <subfield code="a">H&#xE4;ndelser vid vatten.</subfield>
    <subfield code="l">English</subfield>
  </datafield>
  <datafield tag="245" ind1="1" ind2="0">
    <subfield code="a">Blackwater /</subfield>
    <subfield code="c">Kerstin Ekman ; translated from the Swedish by Joan Tate.</subfield>
  </datafield>
  <datafield tag="260" ind1=" " ind2=" ">
    <subfield code="a">London :</subfield>
    <subfield code="b">Vintage,</subfield>
    <subfield code="c">1996.</subfield>
  </datafield>
  <datafield tag="300" ind1=" " ind2=" ">
    <subfield code="a">432 p. ;</subfield>
    <subfield code="c">20 cm.</subfield>
  </datafield>
  <datafield tag="350" ind1="0" ind2="0">
    <subfield code="a">&#xA3;5.99 : CIP entry (May.)</subfield>
  </datafield>
  <datafield tag="500" ind1=" " ind2=" ">
    <subfield code="a">This translation originally published: London : Chatto &amp; Windus, 1995.</subfield>
  </datafield>
  <datafield tag="546" ind1="0" ind2="0">
    <subfield code="a">Translated from the Swedish.</subfield>
  </datafield>
  <datafield tag="650" ind1=" " ind2="0">
    <subfield code="a">Swedish fiction</subfield>
    <subfield code="y">20th century</subfield>
    <subfield code="x">Translations into English.</subfield>
    <subfield code="9">837</subfield>
  </datafield>
  <datafield tag="650" ind1=" " ind2="0">
    <subfield code="a">English fiction</subfield>
    <subfield code="y">20th century</subfield>
    <subfield code="x">Translated from Swedish.</subfield>
    <subfield code="9">838</subfield>
  </datafield>
  <datafield tag="942" ind1=" " ind2=" ">
    <subfield code="2">ddc</subfield>
    <subfield code="c">BK</subfield>
  </datafield>
  <datafield tag="956" ind1=" " ind2=" ">
    <subfield code="a">NLS</subfield>
  </datafield>
  <datafield tag="999" ind1=" " ind2=" ">
    <subfield code="c">167</subfield>
    <subfield code="d">167</subfield>
  </datafield>
  <datafield tag="952" ind1=" " ind2=" ">
    <subfield code="0">0</subfield>
    <subfield code="1">0</subfield>
    <subfield code="4">0</subfield>
    <subfield code="7">0</subfield>
    <subfield code="8">REF</subfield>
    <subfield code="a">FPL</subfield>
    <subfield code="b">FPL</subfield>
    <subfield code="c">GEN</subfield>
    <subfield code="d">2014-09-04</subfield>
    <subfield code="p">39999000007114</subfield>
    <subfield code="r">2014-09-04 00:00:00</subfield>
    <subfield code="w">2014-09-04</subfield>
    <subfield code="y">BK</subfield>
  </datafield>
</record>
